000 00779nam a22002417a 4500
999 _c43235
_d43235
001 14363
003 CO-MdFUSB
005 20180622073152.0
008 180503t2005 ck ||||| |||| 00| 0 spa d
020 _a958-709-325-9
040 _aCO-MdFUSB
_bspa
_cCO-MdFUSB
_dCO-MdFUSBC
_erda
041 0 _aspa
082 0 4 _aG 229.8 V648e
100 1 _aVidal Manzanares, César (1958-)
_eautor
245 4 _aLos evangelios gnósticos
_c/ César Vidal
264 4 _aBogotá :
_b EDAF,
_c©2005
300 _a174 Pág.
336 _2rdacontent
_asonidos
_btxt
337 _2rdamedia
_asin mediación
_bn
338 _2rdacarrier
_avolumen
_bnc
505 0 0 _a- Evangelio de Tomás - Evangelio de los egipcios - Evangelio de la Verdad - Evangelio de María - Evangelio de Felipe
942 _cBK